| 000 | 01202cam a22004094i 4500 | ||
|---|---|---|---|
| 003 | PE-LiUPU | ||
| 005 | 20250731173301.0 | ||
| 008 | 150625s enk r 000 0 eng d | ||
| 035 | _a(Sirsi) a36063 | ||
| 040 |
_aPE-LiUPU _bspa _cPE-LiUPU _erda |
||
| 082 | 0 | 4 |
_a220.927 _bN964 _221 |
| 130 |
_aBiblia. _pN. T. _lArabe. |
||
| 245 | 1 | 1 |
_a[Nuevo Testamento] / _cTraducido por Cambridge University Press. |
| 264 | 1 |
_a[Londres] : _bCambridge, University Press, _c[1930]. |
|
| 300 |
_a[s/p.] ; _c18 centímetros |
||
| 336 |
_atext _2rdacontent |
||
| 337 |
_aunmediated _2rdamedia |
||
| 338 |
_avolume _2rdacarrier |
||
| 500 | _aDatos traducidos en la biblioteca de la Universidad Peruana Unión, del árabe al español. | ||
| 505 | 0 | _aNuevo Testamento en escritura árabe | |
| 526 | _aSEG42 | ||
| 526 | _aSEG41 | ||
| 526 | _aSEG40 | ||
| 526 | _aSEG39 | ||
| 526 | _aP94 | ||
| 526 | _aP87 | ||
| 526 | _aP86 | ||
| 526 | _aP85 | ||
| 526 | _aP77 | ||
| 526 | _aP76 | ||
| 526 | _aP35 | ||
| 630 | 1 | 4 |
_aBiblia. _pNuevo Testamento _lArabe. |
| 942 |
_2ddc _cBK |
||
| 980 |
_81 _gALBERTO SANCHEZ Responsable de Automatización |
||
| 999 |
_c44095 _d44095 |
||